Catálogo
 En Linea

The modern American theater; : (Registro nro. 19440)

Detalles MARC
000 -CABECERA
campo de control de longitud fija 01541cam a22002411 4500
001 - NÚMERO DE CONTROL
campo de control 000019927
005 - FECHA Y HORA DE LA ÚLTIMA TRANSACCIÓN
campo de control 20200929170207.0
008 - DATOS DE LONGITUD FIJA--INFORMACIÓN GENERAL
campo de control de longitud fija 740605s1967 nju b 000 0 eng
010 ## - NÚMERO DE CONTROL DE LA BIBLIOTECA DEL CONGRESO
Número de control de LC 67025930
040 ## - FUENTE DE LA CATALOGACIÓN
Centro catalogador/agencia de origen DO-SdBNP
Centro/agencia transcriptor DLC
Centro/agencia modificador DLC
043 ## - CÓDIGO DE ÁREA GEOGRÁFICA
Código de área geográfica n-us---
050 00 - SIGNATURA TOPOGRÁFICA DE LA BIBLIOTECA DEL CONGRESO
Número de clasificación PN2266
Número de documento/Ítem .K38
082 00 - NÚMERO DE LA CLASIFICACIÓN DECIMAL DEWEY
Número de clasificación 792/.097/3
100 1# - ENTRADA PRINCIPAL--NOMBRE DE PERSONA
Nombre de persona Kernan, Alvin B.,
Término indicativo de función/relación comp.
9 (RLIN) 42497
245 04 - MENCIÓN DE TÍTULO
Título The modern American theater; :
Resto del título a collection of critical essays, /
Mención de responsabilidad, etc. edited by Alvin B. Kernan.
260 ## - PUBLICACIÓN, DISTRIBUCIÓN, ETC.
Lugar de publicación, distribución, etc. Englewood Cliffs, N.J., :
Nombre del editor, distribuidor, etc. Prentice-Hall,
Fecha de publicación, distribución, etc. [1967].
300 ## - DESCRIPCIÓN FÍSICA
Extensión 183 p. ;
Dimensiones 21 cm.
490 0# - MENCIÓN DE SERIE
Mención de serie A Spectrum book: Twentieth century views
505 0# - NOTA DE CONTENIDO CON FORMATO
Nota de contenido con formato The attempted dance: a discussion of the modern theater, by A. B. Kernan.--American blues: the plays of Arthur Miller and Tennessee Williams, by K. Tynan.--The world of Thornton Wilder, by T. Guthrie.--The comedy of Thornton Wilder, by T. Bogard.--The men-taming women of William Inge: The dark at the top of the stairs, by R. Brustein--The theater of Edward Albee, by L. Baxandall.--What's the matter with Edward Albee? By T. Driver.--Broadway, by F. Fergusson.--Off-Broadway: editor's note.--The pass-the-hat theater circuit, by E.E. Lester.--Happenings in the New York scene, by A. Kaprow.--The juggernaut of production, by G. Rogoff.--The drama is coming now, by R. Gilman.--Which theater is the absurd one? By E. Albee.--Bibliography (p. 181-183)
650 #0 - PUNTO DE ACCESO ADICIONAL DE MATERIA--TÉRMINO DE MATERIA
Término de materia o nombre geográfico como elemento de entrada Theater
Subdivisión geográfica United States.
9 (RLIN) 42498
650 #0 - PUNTO DE ACCESO ADICIONAL DE MATERIA--TÉRMINO DE MATERIA
Término de materia o nombre geográfico como elemento de entrada Drama
Subdivisión cronológica 20th century
Subdivisión general History and criticism.
9 (RLIN) 42499
910 ## - DATOS DE OPCIÓN DEL USUARIO (OCLC)
Datos de opción del usuario Catalogación derivada / LC
Existencias
Estado de retiro Estado de pérdida Restricciones de uso No para préstamo Código de colección Localización permanente Ubicación/localización actual Ubicación en estantería Fecha de adquisición Número de inventario Total de préstamos Signatura topográfica completa Código de barras Fecha visto por última vez Precio válido a partir de Tipo de ítem Koha
      Excluido de préstamo Monografías: Libros y Folletos General General En catalogación 09.07.2010 LF1   792/.097/3 19927-10 25.06.2020 25.06.2020 No se presta

Con tecnología Koha